Časové podmienky práce vo vybranom slovenskom podniku diplomová práca

Gespeichert in:
Bibliographische Detailangaben
1. Verfasser: Sivčák, Dominik
Körperschaft: Fakulta podnikového manažmentu EU. Katedra manažmentu
Weitere Verfasser: Nachtmannová, Oľga, 1963-
Format: Buch
Sprache:Slowakisch
Veröffentlicht: Bratislava 2020
Tags: Tag hinzufügen
Keine Tags, Fügen Sie das erste Tag hinzu!

MARC

LEADER 00000nbm a2200000 4500
001 0266143
005 20201130134542.2
041 0 |a slo 
044 |a SK 
245 1 0 |a Časové podmienky práce vo vybranom slovenskom podniku  |b diplomová práca  |c Dominik Sivčák ; školiteľ: Oľga Nachtmannová 
264 1 |a Bratislava  |c 2020 
300 |a 67 s. 
100 1 |a Sivčák, Dominik 
700 1 |a Nachtmannová, Oľga, 1963- 
710 2 |a Fakulta podnikového manažmentu EU. Katedra manažmentu